[Event "Madrid ch - Previa B"]
[Site "Madrid ESP"]
[Date "2008.11.22"]
[Round "7.6"]
[White "De Armentia Roldan, Benigno"]
[Black "Lozano Sanchez, Jose Antonio"]
[Result "1/2-1/2"]
[WhiteElo "1870"]
[BlackElo "1920"]
[PlyCount "109"]
[EventDate "2008.11.06"]
[EventType "swiss"]
[EventRounds "9"]
[EventCountry "ESP"]
[Source "lmi"]
[SourceDate "2008.11.06"]

1. d4 d5 2. Nf3 Nf6 3. g3 Bf5 4. Bg2 Nbd7 5. c4 e6 6. Qb3 Rb8 7. O-O Be7 8. Nc3
dxc4 9. Qxc4 Nb6 10. Qb3 O-O 11. Rd1 Ne4 12. Ne5 Nd6 13. e4 Bg6 14. Nxg6 hxg6
15. e5 Nf5 16. d5 exd5 17. Nxd5 Nxd5 18. Bxd5 Qc8 19. Bf4 g5 20. Bd2 c6 21.
Rac1 Nd4 22. Qe3 Nb5 23. Bc4 a6 24. a4 Nc7 25. b4 b5 26. axb5 cxb5 27. Bf1 Rd8
28. Bg2 Qd7 29. Qa7 Nd5 30. Qxa6 Nxb4 31. Bxb4 Qxd1+ 32. Rxd1 Rxd1+ 33. Bf1
Bxb4 34. Kg2 Rd5 35. e6 Rd6 36. exf7+ Kf8 37. Qa7 Rdb6 38. Qd7 Be7 39. Qh3 Rh6
40. Qd7 b4 41. Bb5 Kxf7 42. Bc4+ Kf8 43. Qf5+ Ke8 44. Bb5+ Rxb5 45. Qxb5+ Kf7
46. f4 gxf4 47. gxf4 Rf6 48. Kg3 Bd6 49. Qd7+ Kg6 50. Qe8+ Kh7 51. Qh5+ Rh6 52.
Qf5+ Kg8 53. Qc8+ Kh7 54. Qf5+ Kg8 55. Qc8+ 1/2-1/2

[Event "Madrid ch - Previa B"]
[Site "Madrid ESP"]
[Date "2008.11.22"]
[Round "7.7"]
[White "Rojas Pozo, Jose Luis"]
[Black "Escoredo Garcia, Jesus"]
[Result "1-0"]
[WhiteElo "1897"]
[BlackElo "1906"]
[PlyCount "115"]
[EventDate "2008.11.06"]
[EventType "swiss"]
[EventRounds "9"]
[EventCountry "ESP"]
[Source "lmi"]
[SourceDate "2008.11.06"]

1. e4 c5 2. Nf3 e6 3. d4 cxd4 4. Nxd4 a6 5. Nc3 Qc7 6. Be2 b5 7. a3 Bb7 8. Qd3
Nf6 9. f4 Be7 10. Bf3 d6 11. f5 e5 12. Nb3 Nbd7 13. g4 h5 14. g5 Nh7 15. h4 Nb6
16. Na5 Rc8 17. Nxb7 Qxb7 18. Bxh5 Nf8 19. Bf3 Nfd7 20. Be3 Nc4 21. Bc1 Nc5 22.
Qd5 Qxd5 23. Nxd5 Bd8 24. b3 Nb6 25. Nxb6 Bxb6 26. Bd2 Nd7 27. Rc1 Ke7 28. Ke2
Rc7 29. h5 Bd4 30. c3 Bb6 31. b4 a5 32. h6 gxh6 33. Rxh6 Rcc8 34. Rch1 Rhg8 35.
Rh7 Nf8 36. Rh8 Nd7 37. f6+ Nxf6 38. gxf6+ Kxf6 39. Rxg8 Rxg8 40. Be3 Bc7 41.
Rd1 axb4 42. axb4 Ke6 43. Rd5 f5 44. exf5+ Kxf5 45. Rxb5 Rc8 46. Kd3 Bd8 47.
Be4+ Ke6 48. Bd5+ Kf5 49. Rb7 Rc7 50. Rxc7 Bxc7 51. Ba7 Kf6 52. b5 Ke7 53. b6
Kd7 54. bxc7 Kxc7 55. Ke4 Kd7 56. Kf5 Ke7 57. Bb6 Kd7 58. Kf6 1-0

[Event "Madrid ch - Previa B"]
[Site "Madrid ESP"]
[Date "2008.11.22"]
[Round "7.8"]
[White "Dominguez Carmona, Miguel"]
[Black "Adan Bonilla, Carlos"]
[Result "1-0"]
[WhiteElo "2051"]
[BlackElo "1813"]
[PlyCount "83"]
[EventDate "2008.11.06"]
[EventType "swiss"]
[EventRounds "9"]
[EventCountry "ESP"]
[Source "lmi"]
[SourceDate "2008.11.06"]

1. d4 g6 2. c4 Bg7 3. Nf3 c5 4. d5 d6 5. e4 Nf6 6. Nc3 O-O 7. Be2 Re8 8. O-O a6
9. Qc2 Nbd7 10. h3 Qc7 11. Bf4 Nh5 12. Bh2 Nhf6 13. Rad1 b6 14. Ne1 Bb7 15. f4
e6 16. e5 dxe5 17. fxe5 Nh5 18. d6 Qd8 19. Bf3 Bxf3 20. Nxf3 Bh6 21. Ne4 f6 22.
g4 Nf4 23. exf6 Nxf6 24. d7 Rf8 25. Ne5 Qc7 26. Bxf4 Bxf4 27. Rxf4 Qxe5 28.
Rxf6 Rxf6 29. d8=Q+ Rxd8 30. Rxd8+ Rf8 31. Rxf8+ Kxf8 32. g5 Ke7 33. b3 Qf4 34.
Qd3 Qc1+ 35. Kg2 Qb2+ 36. Kf3 Qh2 37. Kg4 Qg2+ 38. Kh4 Qh2 39. Qg3 Qe2 40. Qc7+
Kf8 41. Qd8+ Kg7 42. Qe7+ 1-0

[Event "Madrid ch - Previa B"]
[Site "Madrid ESP"]
[Date "2008.11.22"]
[Round "7.9"]
[White "Merino Araguas, Jose Javier"]
[Black "Peñaranda Grilo, Juan Carlos"]
[Result "0-1"]
[WhiteElo "1879"]
[BlackElo "1930"]
[PlyCount "69"]
[EventDate "2008.11.06"]
[EventType "swiss"]
[EventRounds "9"]
[EventCountry "ESP"]
[Source "lmi"]
[SourceDate "2008.11.06"]

1. d4 d5 2. c4 e6 3. Nc3 Be7 4. cxd5 exd5 5. Nf3 Nf6 6. Bf4 c6 7. Qc2 Nbd7 8.
e3 O-O 9. Bd3 Re8 10. h3 Nf8 11. O-O Ng6 12. Bg3 Bd6 13. Bxd6 Qxd6 14. Rac1 Qe7
15. Nd2 Nh5 16. Bxg6 hxg6 17. Nf3 Qf6 18. Qd1 Qe7 19. Ne5 Nf6 20. Ne2 g5 21.
Ng3 g6 22. f4 Nd7 23. Qf3 f6 24. Nxd7 Bxd7 25. Rce1 f5 26. fxg5 Qxg5 27. Qf4
Qxf4 28. exf4 b6 29. Re5 Rxe5 30. fxe5 c5 31. dxc5 bxc5 32. Rc1 Rc8 33. Kf2 Kf7
34. Ne2 g5 35. Nd4 0-1

[Event "Madrid ch - Previa B"]
[Site "Madrid ESP"]
[Date "2008.11.22"]
[Round "7.10"]
[White "Leniz Martinez, Francisco"]
[Black "Sotnikov, Taras"]
[Result "0-1"]
[WhiteElo "1874"]
[BlackElo "1920"]
[PlyCount "100"]
[EventDate "2008.11.06"]
[EventType "swiss"]
[EventRounds "9"]
[EventCountry "ESP"]
[Source "lmi"]
[SourceDate "2008.11.06"]

1. Nf3 g6 2. g3 Bg7 3. Bg2 f5 4. d4 Nf6 5. O-O O-O 6. b3 d6 7. Bb2 c6 8. c4 Qc7
9. Nbd2 Nbd7 10. Re1 Nh5 11. Ng5 Ndf6 12. e4 f4 13. e5 dxe5 14. dxe5 Ng4 15.
Ngf3 Bh8 16. Bc3 Bd7 17. Qc2 Bf5 18. Qb2 Be6 19. Nd4 Ng7 20. N2f3 Rad8 21. Ng5
Qc8 22. Qa3 a6 23. Qb2 h6 24. Ngf3 h5 25. Nh4 Kh7 26. Qc2 Nf5 27. Ndxf5 Bxf5
28. Be4 Qe6 29. gxf4 Nh6 30. Re3 Bxe4 31. Qxe4 Nf5 32. Nf3 Kh6 33. Ng5 Qc8 34.
Rh3 Ng7 35. Rg3 Nf5 36. Rh3 Ng7 37. e6 b5 38. Rf1 bxc4 39. bxc4 c5 40. Bxg7+
Kxg7 41. Rg3 Rd4 42. Qc2 Rdxf4 43. Nh7 R8f5 44. Ng5 Rg4 45. Qd2 Rfxg5 46. Qxg5
Rxg5 47. Rxg5 Qxe6 48. Rxc5 Qe2 49. a4 Kh6 50. Rc7 Be5 0-1

[Event "Madrid ch - Previa B"]
[Site "Madrid ESP"]
[Date "2008.11.22"]
[Round "7.11"]
[White "Marcos Herrero, Francisco"]
[Black "Valderrama Arroyo, Victor"]
[Result "0-1"]
[WhiteElo "1854"]
[BlackElo "1914"]
[PlyCount "66"]
[EventDate "2008.11.06"]
[EventType "swiss"]
[EventRounds "9"]
[EventCountry "ESP"]
[Source "lmi"]
[SourceDate "2008.11.06"]

1. e4 c5 2. Nc3 d6 3. g3 Nc6 4. Bg2 g6 5. f4 Bg7 6. d3 e5 7. Nh3 Nge7 8. O-O
O-O 9. f5 gxf5 10. exf5 Bxf5 11. Rxf5 Nxf5 12. Qh5 Qf6 13. Be4 Ncd4 14. Nd5 Qe6
15. c3 Ne2+ 16. Qxe2 Nxg3 17. hxg3 Qxh3 18. Ne7+ Kh8 19. Nf5 d5 20. Nxg7 dxe4
21. Nh5 Rg8 22. Bh6 Rg4 23. Qh2 Qxh2+ 24. Kxh2 exd3 25. Rf1 Rg6 26. Be3 Rd8 27.
Bxc5 d2 28. Rd1 Rd3 29. Kg2 Rg5 30. g4 Rxg4+ 31. Kf2 e4 32. Bd4+ f6 33. Nxf6
Rf3+ 0-1

[Event "Madrid ch - Previa B"]
[Site "Madrid ESP"]
[Date "2008.11.22"]
[Round "7.12"]
[White "Montes Rubio, Miguel"]
[Black "Avendaño Mateos, Jose"]
[Result "0-1"]
[WhiteElo "1698"]
[BlackElo "1894"]
[PlyCount "76"]
[EventDate "2008.11.06"]
[EventType "swiss"]
[EventRounds "9"]
[EventCountry "ESP"]
[Source "lmi"]
[SourceDate "2008.11.06"]

1. d4 d5 2. c4 c6 3. Nc3 Nf6 4. e3 g6 5. Nf3 Bg7 6. Bd2 O-O 7. b3 Bf5 8. Nh4
Bg4 9. Nf3 Nbd7 10. Be2 h6 11. O-O Ne4 12. Ne1 Bxe2 13. Qxe2 Nxd2 14. Qxd2 dxc4
15. bxc4 Nb6 16. Qd3 c5 17. Rd1 cxd4 18. exd4 Rc8 19. c5 Nd5 20. f4 Nxc3 21.
Qxc3 e6 22. Qd3 Qd5 23. Rf2 Rfd8 24. Rfd2 Rd7 25. Nf3 Rdc7 26. Ne5 b6 27. cxb6
axb6 28. Qb3 Qa5 29. Rb2 Rc1 30. Kf2 Rxd1 31. Qxd1 Qd5 32. Qd2 b5 33. g3 Bf8
34. Ke3 Ra8 35. Qd3 b4 36. Nc4 Qh1 37. Qc2 Rc8 38. Qe2 Qc1+ 0-1

[Event "Madrid ch - Previa B"]
[Site "Madrid ESP"]
[Date "2008.11.22"]
[Round "7.13"]
[White "Benito Aragoneses, Miguel Angel"]
[Black "Gonzalez Ayuso, Gonzalo"]
[Result "0-1"]
[WhiteElo "1790"]
[BlackElo "1804"]
[PlyCount "44"]
[EventDate "2008.11.06"]
[EventType "swiss"]
[EventRounds "9"]
[EventCountry "ESP"]
[Source "lmi"]
[SourceDate "2008.11.06"]

1. d4 Nf6 2. c4 e5 3. dxe5 Ng4 4. Bf4 Nc6 5. Nf3 Bb4+ 6. Nbd2 Qe7 7. a3 Ngxe5
8. Bxe5 Nxe5 9. Nxe5 Bxd2+ 10. Qxd2 Qxe5 11. e3 O-O 12. Be2 d6 13. O-O Be6 14.
Rac1 Rad8 15. Rfd1 g6 16. Bf3 b6 17. Qe2 Rfe8 18. Rd2 Bc8 19. Rcd1 Ba6 20. Rd4
Qf6 21. Bd5 Kg7 22. Rf4 Qxf4 0-1

[Event "Madrid ch - Previa B"]
[Site "Madrid ESP"]
[Date "2008.11.22"]
[Round "7.14"]
[White "Morona Minguez, Irene"]
[Black "Garcia Ruiz, Ricardo"]
[Result "0-1"]
[WhiteElo "1743"]
[BlackElo "1920"]
[PlyCount "72"]
[EventDate "2008.11.06"]
[EventType "swiss"]
[EventRounds "9"]
[EventCountry "ESP"]
[Source "lmi"]
[SourceDate "2008.11.06"]

1. e4 e5 2. Nf3 Nc6 3. Bb5 a6 4. Ba4 Nf6 5. O-O b5 6. Bb3 Be7 7. Re1 O-O 8. d4
exd4 9. e5 Ne8 10. Nxd4 Nxd4 11. Qxd4 Bb7 12. c4 c5 13. Qg4 b4 14. Bc2 d5 15.
Re3 g6 16. cxd5 Qxd5 17. Bb3 Qc6 18. Nd2 Rd8 19. Nf3 Ng7 20. Re1 Nf5 21. a3 h5
22. Qc4 Nd4 23. Bd1 g5 24. Rf1 g4 25. Ne1 a5 26. f3 Ba6 27. Qa2 Bxf1 28. Kxf1
Qb5+ 29. Kf2 b3 30. Qb1 Qd7 31. Qe4 f5 32. Qf4 Qe6 33. Qe3 c4 34. Bd2 f4 35.
Qe4 Nc6 36. Bxf4 Rd4 0-1

[Event "Madrid ch - Previa B"]
[Site "Madrid ESP"]
[Date "2008.11.22"]
[Round "7.15"]
[White "De Los Rios Camacho, Juan A"]
[Black "Ortiz Berruguete, Adrian"]
[Result "1/2-1/2"]
[WhiteElo "1792"]
[BlackElo "1637"]
[PlyCount "78"]
[EventDate "2008.11.06"]
[EventType "swiss"]
[EventRounds "9"]
[EventCountry "ESP"]
[Source "lmi"]
[SourceDate "2008.11.06"]

1. e4 d5 2. exd5 Qxd5 3. Nc3 Qa5 4. d4 Nf6 5. Bd3 c6 6. Nf3 Bg4 7. h3 Bh5 8. g4
Bg6 9. Bxg6 hxg6 10. Bd2 Nbd7 11. Qe2 Qc7 12. Ne5 e6 13. O-O-O Be7 14. Bf4 Nxe5
15. dxe5 Nd5 16. Nxd5 cxd5 17. Qb5+ Qc6 18. Qxc6+ bxc6 19. Rd3 Kd7 20. Be3 Rab8
21. c4 Rb7 22. cxd5 cxd5 23. Bd4 Rc8+ 24. Kb1 Rbc7 25. Rb3 Bg5 26. a3 Be7 27.
Rd1 Bc5 28. Bxc5 Rxc5 29. Rb7+ R5c7 30. Rxc7+ Rxc7 31. Rd4 Kc6 32. Kc2 Kc5 33.
Kd3 Rb7 34. b4+ Kc6 35. a4 Kb6 36. g5 a5 37. b5 Rc7 38. Rh4 Kc5 39. f3 Rd7
1/2-1/2

[Event "Madrid ch - Previa B"]
[Site "Madrid ESP"]
[Date "2008.11.22"]
[Round "7.16"]
[White "Vicario Ramirez, Celestino"]
[Black "Sanchez Rodajo, Pedro L"]
[Result "0-1"]
[WhiteElo "1711"]
[BlackElo "1750"]
[PlyCount "88"]
[EventDate "2008.11.06"]
[EventType "swiss"]
[EventRounds "9"]
[EventCountry "ESP"]
[Source "lmi"]
[SourceDate "2008.11.06"]

1. e4 e6 2. d3 d5 3. Nd2 c5 4. g3 d4 5. Ngf3 Nc6 6. e5 Nge7 7. Bg2 Ng6 8. Qe2
Qc7 9. Nc4 b5 10. Na3 Be7 11. O-O a6 12. Re1 Bb7 13. Bd2 h5 14. h4 O-O-O 15.
Rac1 Rhe8 16. c3 dxc3 17. Bg5 cxb2 18. Qxb2 Rxd3 19. Bxe7 Qxe7 20. Nc2 Na5 21.
Ne3 Red8 22. Rc3 c4 23. Rxd3 Rxd3 24. Rc1 Qa3 25. Qc2 Rxe3 26. Ng5 Rxe5 27.
Nxf7 Rf5 28. Bh3 Rf6 29. Rd1 Bd5 30. Rxd5 Kc7 31. Rd3 Qxd3 32. Qxd3 cxd3 33.
Ng5 Nf8 34. Ne4 Rf7 35. Kf1 Nb7 36. Ke1 Nd6 37. Nd2 e5 38. Bg2 a5 39. Bd5 Rd7
40. Bf3 g6 41. Nb3 Kb6 42. Nd2 Nh7 43. Ne4 Nxe4 44. Bxe4 d2+ 0-1

[Event "Madrid ch - Previa B"]
[Site "Madrid ESP"]
[Date "2008.11.22"]
[Round "7.17"]
[White "Castro Uceda, Jose Antonio"]
[Black "Benito Mellado, Humberto"]
[Result "1-0"]
[WhiteElo "1717"]
[BlackElo "1653"]
[PlyCount "89"]
[EventDate "2008.11.06"]
[EventType "swiss"]
[EventRounds "9"]
[EventCountry "ESP"]
[Source "lmi"]
[SourceDate "2008.11.06"]

1. d4 d5 2. c4 c6 3. e3 Nf6 4. Nc3 Bg4 5. Nf3 Nbd7 6. Bd3 Qc7 7. O-O e5 8. Be2
dxc4 9. dxe5 Bxf3 10. exf6 Bxe2 11. Qxe2 Nxf6 12. Qxc4 Bd6 13. g3 O-O 14. e4
Rfe8 15. Re1 Ng4 16. Bg5 Ne5 17. Qe2 h6 18. Bd2 Rad8 19. Rac1 Qe7 20. Be3 b6
21. f4 Nd7 22. e5 Bb4 23. Red1 Bxc3 24. Rxc3 c5 25. Rcd3 Nb8 26. Rd6 Rxd6 27.
Rxd6 Rd8 28. Rd2 Nc6 29. Qd1 Kf8 30. Rxd8+ Qxd8 31. Qxd8+ Nxd8 32. Kf2 Nc6 33.
a3 Na5 34. Kf3 Nc4 35. Bc1 Ke7 36. Ke4 f6 37. Kd5 Na5 38. e6 Nb7 39. f5 h5 40.
h3 b5 41. g4 c4 42. Be3 hxg4 43. hxg4 a6 44. Bb6 Ke8 45. Kc6 1-0

[Event "Madrid ch - Previa B"]
[Site "Madrid ESP"]
[Date "2008.11.28"]
[Round "8.3"]
[White "Garcia Serrano, Jose Manuel"]
[Black "Garcia Salamero, Gabriel"]
[Result "0-1"]
[WhiteElo "1871"]
[BlackElo "2005"]
[PlyCount "76"]
[EventDate "2008.11.06"]
[EventType "swiss"]
[EventRounds "9"]
[EventCountry "ESP"]
[Source "lmi"]
[SourceDate "2008.11.06"]

1. e4 e5 2. f4 exf4 3. Nf3 Ne7 4. Bc4 d5 5. exd5 Nxd5 6. Nc3 Be6 7. Qe2 Be7 8.
O-O Nc6 9. d3 Nxc3 10. bxc3 Bxc4 11. dxc4 O-O 12. Bxf4 Re8 13. Qf2 b6 14. Rad1
Bc5 15. Nd4 Re4 16. Kh1 Qe8 17. Qg3 Bxd4 18. cxd4 g6 19. c3 Na5 20. Qf3 Nxc4
21. Be5 f5 22. Bxc7 Ne3 23. Be5 Nxf1 24. Rxf1 Rc8 25. Qg3 Qc6 26. Qg5 Rg4 27.
Qd2 Qxc3 28. Qh6 Rc7 29. Bxc7 Qxc7 30. Rc1 Rxd4 31. Qe3 Qd7 32. Qb3+ Qd5 33.
Rc8+ Kf7 34. Rc7+ Ke6 35. Qe3+ Re4 36. Qc1 Re2 37. Rc6+ Kd7 38. Rc2 Qxg2# 0-1

[Event "Madrid ch - Previa B"]
[Site "Madrid ESP"]
[Date "2008.11.28"]
[Round "8.4"]
[White "Cabañas Bravo, Juan Andres"]
[Black "Montañes Arribas, Adrian"]
[Result "0-1"]
[WhiteElo "2036"]
[BlackElo "2030"]
[PlyCount "28"]
[EventDate "2008.11.06"]
[EventType "swiss"]
[EventRounds "9"]
[EventCountry "ESP"]
[Source "lmi"]
[SourceDate "2008.11.06"]

1. e4 e5 2. c3 Nf6 3. d4 Nxe4 4. dxe5 Bc5 5. Qg4 Bxf2+ 6. Ke2 d5 7. Qxg7 Rf8 8.
Bh6 Bc5 9. Nf3 Bf5 10. b4 Be7 11. g4 Bg6 12. Nd4 Qd7 13. Kf3 Nc6 14. Bb5 Nxd4+
0-1

[Event "Madrid ch - Previa B"]
[Site "Madrid ESP"]
[Date "2008.11.28"]
[Round "8.5"]
[White "Sotnikov, Taras"]
[Black "Rojas Pozo, Jose Luis"]
[Result "1-0"]
[WhiteElo "1920"]
[BlackElo "1897"]
[PlyCount "89"]
[EventDate "2008.11.06"]
[EventType "swiss"]
[EventRounds "9"]
[EventCountry "ESP"]
[Source "lmi"]
[SourceDate "2008.11.06"]

1. e4 c5 2. Nf3 d6 3. c3 e6 4. d4 Be7 5. Bd3 d5 6. e5 Nc6 7. a3 Qb6 8. Bc2 Bd7
9. O-O cxd4 10. cxd4 Rc8 11. Nc3 a6 12. Na4 Qc7 13. Bd3 b5 14. Nc3 Na5 15. Ng5
Nc4 16. Nxf7 Kxf7 17. Qh5+ Kf8 18. f4 Qb6 19. Ne2 Nf6 20. exf6 Bxf6 21. f5 e5
22. Kh1 e4 23. Bb1 Ke7 24. Nf4 Qxd4 25. Rd1 Be8 26. Qe2 Qc5 27. Nxd5+ Kf7 28.
Bxe4 Bc6 29. Qh5+ Kf8 30. Nxf6 gxf6 31. Bxc6 Qxc6 32. Bh6+ Ke7 33. Bg7 Ne3 34.
Qe2 Kf7 35. Bxh8 Nxd1 36. Bxf6 Qxf6 37. Rxd1 Re8 38. Qh5+ Kf8 39. Qxh7 Qe5 40.
Qh6+ Kg8 41. Qg6+ Kf8 42. h3 Qe2 43. Rg1 Qxb2 44. f6 Re6 45. Qg7+ 1-0

[Event "Madrid ch - Previa B"]
[Site "Madrid ESP"]
[Date "2008.11.28"]
[Round "8.6"]
[White "Gonzalez Ayuso, Gonzalo"]
[Black "Dominguez Carmona, Miguel"]
[Result "1/2-1/2"]
[WhiteElo "1804"]
[BlackElo "2051"]
[PlyCount "131"]
[EventDate "2008.11.06"]
[EventType "swiss"]
[EventRounds "9"]
[EventCountry "ESP"]
[Source "lmi"]
[SourceDate "2008.11.06"]

1. d4 Nf6 2. c4 c5 3. d5 e6 4. Nc3 exd5 5. cxd5 d6 6. e4 g6 7. Bg5 Bg7 8. Rc1
h6 9. Bh4 O-O 10. Nf3 Re8 11. Be2 g5 12. e5 dxe5 13. Bg3 e4 14. Ne5 Bf5 15. Nc4
a6 16. Nd6 Bg6 17. Nxb7 Qb6 18. Nd6 Rd8 19. Nc4 Qb7 20. d6 Nc6 21. O-O Nd4 22.
b3 Ne8 23. Na4 Qb5 24. Re1 Nxe2+ 25. Qxe2 f5 26. Be5 Bxe5 27. Nxe5 Qxe2 28.
Rxe2 Bh5 29. Rd2 Rxd6 30. Rxd6 Nxd6 31. Rxc5 Rc8 32. h3 Rxc5 33. Nxc5 Be2 34.
Ned7 Bb5 35. Nb8 a5 36. a4 Be8 37. Ne6 Nb7 38. Na6 Bd7 39. Nec5 Nxc5 40. Nxc5
Bc6 41. Kf1 Kf7 42. Ke2 Ke7 43. Ke3 Kd6 44. Kd4 Bd5 45. g3 Bc6 46. g4 fxg4 47.
hxg4 e3 48. fxe3 Bf3 49. Ne4+ Kc6 50. Nf2 h5 51. gxh5 Bxh5 52. Ke5 Bf7 53. Ne4
g4 54. Kf4 Bxb3 55. Nc3 Kc5 56. e4 Kb4 57. Nd5+ Kxa4 58. Kxg4 Kb5 59. Kf5 Kc5
60. Nc3 Bc2 61. Ke5 Bd3 62. Na4+ Kb5 63. Kd4 Bxe4 64. Nc3+ Kb4 65. Nxe4 a4 66.
Nc3 1/2-1/2

[Event "Madrid ch - Previa B"]
[Site "Madrid ESP"]
[Date "2008.11.28"]
[Round "8.7"]
[White "Avendaño Mateos, Jose"]
[Black "Nieto De La Cruz, Julio"]
[Result "0-1"]
[WhiteElo "1894"]
[BlackElo "2015"]
[PlyCount "74"]
[EventDate "2008.11.06"]
[EventType "swiss"]
[EventRounds "9"]
[EventCountry "ESP"]
[Source "lmi"]
[SourceDate "2008.11.06"]

1. c4 e5 2. Nc3 d6 3. e4 g6 4. g3 Bg7 5. Bg2 Ne7 6. Nge2 O-O 7. O-O Be6 8. d3
c6 9. Rb1 d5 10. cxd5 cxd5 11. b3 Nbc6 12. Ba3 Re8 13. exd5 Nxd5 14. Ne4 Qa5
15. Bc1 Qxa2 16. Bb2 Ndb4 17. Nc5 Qa5 18. Nxe6 Rxe6 19. Bc3 Qb5 20. Nc1 Rd8 21.
Qe2 Nxd3 22. Be4 Qc5 23. Nxd3 Qxc3 24. Rfc1 Qd4 25. Rc4 Qd6 26. Nc5 Re7 27.
Rcc1 Nd4 28. Qe3 Qb6 29. Na4 Qb5 30. Nc3 Qa6 31. Bd5 Red7 32. Bc4 b5 33. Bf1 f5
34. Na4 Qd6 35. Nc5 Rc7 36. Nd3 Rxc1 37. Rxc1 Nxb3 0-1

[Event "Madrid ch - Previa B"]
[Site "Madrid ESP"]
[Date "2008.11.28"]
[Round "8.8"]
[White "Peñaranda Grilo, Juan Carlos"]
[Black "De Armentia Roldan, Benigno"]
[Result "1-0"]
[WhiteElo "1930"]
[BlackElo "1870"]
[PlyCount "65"]
[EventDate "2008.11.06"]
[EventType "swiss"]
[EventRounds "9"]
[EventCountry "ESP"]
[Source "lmi"]
[SourceDate "2008.11.06"]

1. d4 Nf6 2. c4 g6 3. Nc3 d5 4. cxd5 Nxd5 5. e4 Nxc3 6. bxc3 Bg7 7. Bc4 c5 8.
Ne2 O-O 9. O-O Nc6 10. Be3 Bg4 11. f3 Na5 12. Bxf7+ Rxf7 13. fxg4 Rxf1+ 14.
Kxf1 cxd4 15. cxd4 e5 16. d5 Nc4 17. Qd3 b5 18. Rb1 Qa5 19. Nc3 Nxe3+ 20. Qxe3
b4 21. Ne2 Bf8 22. Qb3 Bd6 23. Kg1 Qc5+ 24. Kh1 Rc8 25. h3 Qc2 26. Rc1 Qxe2 27.
Rxc8+ Kg7 28. Rc6 Be7 29. Rc7 Kf8 30. Qf3+ Qxf3 31. gxf3 a5 32. Rc8+ Kf7 33.
Ra8 1-0

[Event "Madrid ch - Previa B"]
[Site "Madrid ESP"]
[Date "2008.11.28"]
[Round "8.9"]
[White "Lozano Sanchez, Jose Antonio"]
[Black "Valderrama Arroyo, Victor"]
[Result "1-0"]
[WhiteElo "1920"]
[BlackElo "1914"]
[PlyCount "53"]
[EventDate "2008.11.06"]
[EventType "swiss"]
[EventRounds "9"]
[EventCountry "ESP"]
[Source "lmi"]
[SourceDate "2008.11.06"]

1. e4 c5 2. Nf3 d6 3. Bc4 Nf6 4. Nc3 a6 5. a4 e6 6. d3 Be7 7. O-O O-O 8. Bf4 b6
9. e5 Ne8 10. exd6 Nxd6 11. Bb3 Bb7 12. Re1 Nc6 13. Ne5 Nd4 14. Ba2 Bg5 15. Bg3
h5 16. h3 Bh4 17. Bf4 Qf6 18. Qd2 Nxc2 19. g3 Nxe1 20. Rxe1 g5 21. Nd7 Qe7 22.
Bxd6 Qxd6 23. Nxf8 Kxf8 24. gxh4 Qc6 25. Ne4 gxh4 26. Qh6+ Ke8 27. Qxh5 1-0

[Event "Madrid ch - Previa B"]
[Site "Madrid ESP"]
[Date "2008.11.28"]
[Round "8.10"]
[White "Garcia Ruiz, Ricardo"]
[Black "Escoredo Garcia, Jesus"]
[Result "1-0"]
[WhiteElo "1920"]
[BlackElo "1906"]
[PlyCount "51"]
[EventDate "2008.11.06"]
[EventType "swiss"]
[EventRounds "9"]
[EventCountry "ESP"]
[Source "lmi"]
[SourceDate "2008.11.06"]

1. e4 c5 2. f4 e6 3. Nc3 a6 4. Nf3 Nc6 5. d3 b5 6. Be2 Bb7 7. O-O d6 8. Be3 Nf6
9. h3 Be7 10. a3 h6 11. Qe1 Nh7 12. g4 Qc7 13. Qg3 O-O-O 14. d4 c4 15. d5 Nb8
16. Qf2 Nd7 17. Nd4 e5 18. Nf5 Bf6 19. b4 g5 20. fxe5 Bxe5 21. Bd4 Rde8 22. a4
Bxd4 23. Qxd4 Nhf6 24. axb5 axb5 25. Nxb5 Rxe4 26. Nbxd6+ 1-0

[Event "Madrid ch - Previa B"]
[Site "Madrid ESP"]
[Date "2008.11.28"]
[Round "8.11"]
[White "Ortiz Berruguete, Adrian"]
[Black "Merino Araguas, Jose Javier"]
[Result "0-1"]
[WhiteElo "1637"]
[BlackElo "1879"]
[PlyCount "104"]
[EventDate "2008.11.06"]
[EventType "swiss"]
[EventRounds "9"]
[EventCountry "ESP"]
[Source "lmi"]
[SourceDate "2008.11.06"]

1. e4 e6 2. d4 d5 3. e5 c5 4. c3 Nc6 5. Nf3 Bd7 6. Na3 Nge7 7. Nc2 Nf5 8. Be2
Be7 9. Bf4 Qb6 10. Rb1 cxd4 11. cxd4 Nb4 12. Nxb4 Bxb4+ 13. Kf1 Bb5 14. Bxb5+
Qxb5+ 15. Qe2 Qxe2+ 16. Kxe2 Rc8 17. Rhc1 O-O 18. a3 Ba5 19. Rxc8 Rxc8 20. Rc1
Rxc1 21. Bxc1 a6 22. Bd2 Bb6 23. Kd3 Ne7 24. Bc3 f6 25. exf6 gxf6 26. h3 Nf5
27. g4 Nd6 28. Nd2 Kf7 29. a4 Bc7 30. f3 b5 31. b3 Kg6 32. Nb1 bxa4 33. bxa4
Kg5 34. Be1 Nc4 35. Nc3 Ba5 36. h4+ Kf4 37. Ne2+ Kxf3 38. Bxa5 Nxa5 39. g5 fxg5
40. hxg5 Kg4 41. Ng1 Nc6 42. Ke3 Kxg5 43. Nf3+ Kg4 44. Kf2 h5 45. Nh2+ Kf4 46.
Nf3 Ke4 47. Ng5+ Kxd4 48. Nxe6+ Kc4 49. Nf4 h4 50. Ke2 d4 51. Kd2 Ne5 52. Ne6
h3 0-1

[Event "Madrid ch - Previa B"]
[Site "Madrid ESP"]
[Date "2008.11.28"]
[Round "8.13"]
[White "Sanchez Rodajo, Pedro L"]
[Black "Montes Rubio, Miguel"]
[Result "0-1"]
[WhiteElo "1750"]
[BlackElo "1698"]
[PlyCount "61"]
[EventDate "2008.11.06"]
[EventType "swiss"]
[EventRounds "9"]
[EventCountry "ESP"]
[Source "lmi"]
[SourceDate "2008.11.06"]

1. f4 d5 2. e4 dxe4 3. Nc3 Nf6 4. Qe2 Bf5 5. Qb5+ Bd7 6. Qxb7 Nc6 7. Nb5 Nd5 8.
c3 Rb8 9. Qa6 Nxf4 10. Ne2 Nd3+ 11. Kd1 Nf2+ 12. Ke1 Nxh1 13. g3 Ne5 14. Nf4
Nd3+ 15. Bxd3 exd3 16. Na3 e6 17. Nxd3 Bxa3 18. Qxa3 Bb5 19. Nf4 a6 20. Qc5 Qd6
21. Qe3 Qb6 22. d4 O-O 23. Nh5 Rbe8 24. Nxg7 Re7 25. Ne8 e5 26. Qg5+ Qg6 27.
Qxe7 Qe4+ 28. Be3 Qxe3+ 29. Kd1 Nf2+ 30. Kc2 Rxe8 31. Qg5+ 0-1

[Event "Madrid ch - Previa B"]
[Site "Madrid ESP"]
[Date "2008.11.28"]
[Round "8.14"]
[White "Franco Rincon, David"]
[Black "Marcos Herrero, Francisco"]
[Result "0-1"]
[WhiteElo "1752"]
[BlackElo "1854"]
[PlyCount "200"]
[EventDate "2008.11.06"]
[EventType "swiss"]
[EventRounds "9"]
[EventCountry "ESP"]
[Source "lmi"]
[SourceDate "2008.11.06"]

1. e4 d6 2. d4 Nf6 3. Nc3 g6 4. Be3 c6 5. Nf3 b5 6. a3 Bg7 7. Bd3 Nbd7 8. h3
O-O 9. O-O Bb7 10. Ne2 e5 11. c3 a6 12. Ng3 Qc7 13. Qb3 c5 14. dxc5 Nxc5 15.
Bxc5 dxc5 16. c4 Bc6 17. Rfe1 Rab8 18. Qc3 Nd7 19. Rad1 b4 20. axb4 cxb4 21.
Qd2 Nc5 22. Qe3 Ba4 23. Ra1 Rfd8 24. Be2 a5 25. Nd2 Qd6 26. Ngf1 Qd4 27. Bd1
Qxe3 28. Rxe3 Bxd1 29. Rxd1 Rb6 30. Ra1 a4 31. Nf3 Rbd6 32. Re2 f6 33. Ne3 a3
34. bxa3 b3 35. Nd5 f5 36. Nd2 Bh6 37. exf5 gxf5 38. Nf3 e4 39. Nh4 Rxd5 40.
cxd5 Rxd5 41. Rb1 Bg7 42. Re3 b2 43. Re2 Nd3 44. g3 Ra5 45. Rc2 Bf6 46. Ng2
Rxa3 47. Ne3 Ra1 48. Rcxb2 Bxb2 49. Rxa1 Bxa1 50. Nxf5 Nc5 51. Kf1 Kf7 52. Ke2
Ke6 53. g4 Ke5 54. f3 Kf4 55. fxe4 Nxe4 56. Kd3 Nf2+ 57. Kc4 Nxh3 58. Kd5 h5
59. gxh5 Kxf5 60. h6 Kg6 61. h7 Kxh7 62. Ke4 Kg6 63. Kd5 Kf5 64. Kd6 Nf4 65.
Kc6 Ke5 66. Kd7 Kd5 67. Kc7 Be5+ 68. Kb6 Ne6 69. Kb5 Nc5 70. Kb6 Bd6 71. Kb5
Nd3 72. Kb6 Ne5 73. Kb7 Kc5 74. Kc8 Kc6 75. Kd8 Bc5 76. Kc8 Bd6 77. Kd8 Ba3 78.
Kc8 Nc4 79. Kb8 Nd6 80. Ka7 Bc5+ 81. Ka8 Nc8 82. Kb8 Ne7 83. Ka8 Nd5 84. Kb8
Nc7 85. Kc8 Ba7 86. Kd8 Nd5 87. Kc8 Ne7+ 88. Kd8 Kd6 89. Ke8 Ke6 90. Kd8 Bb6+
91. Ke8 Nf5 92. Kf8 Ba5 93. Ke8 Ng7+ 94. Kf8 Kf6 95. Kg8 Kg6 96. Kf8 Bb4+ 97.
Kg8 Nf5 98. Kh8 Bc5 99. Kg8 Nh6+ 100. Kh8 Bd4# 0-1